000 00705nam a2200289Ia 4500
005 20260324141325.0
008 008 260324s9999 xx 000 0 eng d
020 _a9780429440755
037 _aEBOOK
040 _aCRL
040 _beng
040 _cCRL
041 _2eng
041 _aeng
084 _qCRL
100 _aRemigio Ratti; Alberto Bramanti; Richard Gordon
_91207773
245 4 _aThe Dynamics of Innovative Regions
245 4 _bThe GREMI Approach
260 _bTaylor and Francis
260 _c1997
365 _a
365 _b220
856 _uhttp://www.taylorfrancis.com/books/9780429440755
942 _cEBOOK
999 _c1810728
_d1810728